| 000 | 00500nam a2200157 i 4500 | ||
|---|---|---|---|
| 001 | 75576 | ||
| 003 | ES-MaACL | ||
| 007 | t| | ||
| 008 | 040927s1961 sp ||||1| spa d | ||
| 100 | 1 |
_aGroth Kimball, Irmgard. _960196 |
|
| 245 | 1 | 0 |
_aTerracotas mayas / _cIrmgard Groth Kimball , con una introduccion de José Dane Kimbal. |
| 260 |
_aBarcelona : _bGustavo Gili, _c[1961] |
||
| 300 |
_aXIV, 44 fol, 44 lám. ; _c26 cm. |
||
| 700 | 1 |
_aDane Kimbal, José. _942599 |
|
| 852 |
_aES-MaACL _jE-756 _bR.47899 |
||
| 999 |
_c75576 _d75576 |
||